• 首页
  • 本馆介绍
  • 公告通知
  • 最新文献
  • 馆藏检索
  • 电子资源
  • 读者导购
  • 参考咨询
  • 我的图书馆
  • 登录
  • 详细信息显示
  • 放入我的书架
  • 预约/预借图书
  • 作者相关作品
  • 分类相关作品
  • 丛书相关作品
  • 出版社相关作品

书目信息

  • 表格格式
  • 工作单格式
  • 卡片格式
题名:
殷契释亲
    
 
作者: 赵林 著
分册:  
出版信息: 上海   上海古籍出版社  2011.12
页数: 537页
开本: 24cm
丛书名: 早期中国研究丛书
单 册:
中图分类: K892.98
科图分类:
主题词: 亲属称谓--中国--商代 , 亲属制度--中国--商代 , 亲属称谓 , 亲属制度
电子资源:
ISBN: 978-7-5325-6072-1
000 01061oam2 2200313 450
001 010700121567
005 20120612090641.32
010    @a978-7-5325-6072-1@dCNY78.00
100    @a20120208d2011 em y0chiy50 ea
101 0  @achi
102    @aCN@b310000
105    @aak z 001yy
106    @ar
200 1  @a殷契释亲@9yin xie shi qin@e论商代的亲属称谓及亲属组织制度@f赵林著
210    @a上海@c上海古籍出版社@d2011.12
215    @a537页@c图@d24cm
225 2  @a早期中国研究丛书
308    @a丛书第一辑
330    @a本书共分为十五章,主要内容包括:父与子;祖、妣、报、示与祖先崇拜;母与女;弟及其相关的亲属称谓;兄弟及旁系亲属;姑及其相关的亲属称谓等。
461  0 @12001 @a早期中国研究丛书
517 1  @a论商代的亲属称谓及亲属组织制度@9lun shang dai de qin shu cheng wei ji qin shu zu zhi zhi du
606 0  @a亲属称谓@y中国@z商代
606 0  @a亲属制度@y中国@z商代
606 0  @a亲属称谓
606 0  @a亲属制度
690    @aK892.98@v4
701  0 @a赵林@9zhao lin@4著
801  0 @aCN@bRENTIAN@c20120208
905    @b539393-97@dK892.98@e172@f5
    
    殷契释亲:论商代的亲属称谓及亲属组织制度/赵林著.-上海:上海古籍出版社,2011.12
    537页:图;24cm.-(早期中国研究丛书)
    
    
    ISBN 978-7-5325-6072-1:CNY78.00
    本书共分为十五章,主要内容包括:父与子;祖、妣、报、示与祖先崇拜;母与女;弟及其相关的亲属称谓;兄弟及旁系亲属;姑及其相关的亲属称谓等。
●
相关链接 在E读中查询图书 在五车中查询图书 在当当中查询图书 在豆瓣中查询图书


正题名:殷契释亲     索取号:K892.98/172         预约/预借

序号 登录号 条形码 馆藏地/架位号 状态 备注
1 539393   205393938   第二样本阅览室/ [索取号:K892.98/172] 在馆    
2 539394   205393947   第二借阅区/ [索取号:K892.98/172] 在馆    
3 539395   205393956   第二借阅区/ [索取号:K892.98/172] 在馆    
4 539396   205393965   第二借阅区/ [索取号:K892.98/172] 在馆    
5 539397   205393974   密集书库-史法系/ [索取号:K892.98/172] 在馆    
唐山师范学院图书馆 欢迎您!
大连网信软件有限公司© 版权所有